Viaggio verso me : romanzo /

में बचाया:
ग्रंथसूची विवरण
मुख्य लेखक: Sannino, Gabriele (लेखक)
स्वरूप: पुस्तक
भाषा:इतालवी
प्रकाशित: Stezzano : WLM, 2009
टैग: टैग जोड़ें
कोई टैग नहीं, इस रिकॉर्ड को टैग करने वाले पहले व्यक्ति बनें!

MARC

LEADER 00000nam a22000007i 4500
001 IT\ICCU\MIL\0786040
003 ItRI
005 20260115232154.0
008 100406s2009 it |||||| ||||| |||||c
020 |a 9788890259685 
040 |b ita  |c importazione bologna sebina 
041 7 |a ita  |2 ISO-639-2 
100 1 |a Sannino, Gabriele  |0 IT\ICCU\UBOV\309562  |4 aut 
245 1 0 |a Viaggio verso me :  |b romanzo /  |c Gabriele Sannino. 
260 |a Stezzano :  |b WLM,  |c 2009 
300 |a 66 p. ;  |c 21 cm. 
942 |2 ddc  |c BK  |n 0 
952 |0 0  |1 0  |4 0  |6 DOC_853_920000000000000_SAN  |7 0  |9 21379  |a BO  |b BO  |d 2026-01-15  |i 13561  |l 0  |o DOC 853.92 SAN  |p BO13561  |r 2026-01-15 23:21:54  |w 2026-01-15  |x [Sebina 7] [1 v.]  |y BK  |z 1 v. 
999 |c 18264  |d 18264